Public investment criteria, insurance markets, and income taxes (Registro nro. 25715)

Detalles MARC
000 -LEADER
fixed length control field 00359 a2200109 4500
001 - CONTROL NUMBER
control field ART_11664
005 - DATE AND TIME OF LATEST TRANSACTION
control field 20260410161859.0
008 - FIXED-LENGTH DATA ELEMENTS--GENERAL INFORMATION
fixed length control field 260409a
100 1# - MAIN ENTRY--PERSONAL NAME
Personal name Schmalensee, Richard
245 10 - TITLE STATEMENT
Title Public investment criteria, insurance markets, and income taxes
773 0# - HOST ITEM ENTRY
Title Journal of public economics
Related parts - Vol. 6, Nº 4 (nov. 1976)
Record control number REV11485

No hay ítems disponibles.